| 000 | 01011nac a22002891u 4500 | ||
|---|---|---|---|
| 003 | EG-ScBUE | ||
| 005 | 20220203130152.0 | ||
| 008 | 200219s2006 ii f 000 0 eng d | ||
| 020 | _a8175810874 | ||
| 040 |
_aEG-ScBUE _beng _erda _cEG-ScBUE _dEG-ScBUE |
||
| 082 | 0 | 4 |
_a823.912 _bCON _222 |
| 100 | 1 |
_aConrad, Joseph, _d1857-1924, _eauthor. |
|
| 245 | 1 | 0 |
_aHeart of darkness : _ba critical study / _cJoseph Conrad, Ramji Lall, M.A. formerly principal, Dyal Singh College, University of Delhi. |
| 250 | _aSixteenth edition. | ||
| 264 | 1 |
_aNew Delhi : _bRama Brothers India, _c2006. |
|
| 300 |
_a204 pages ; _c21 cm |
||
| 336 |
_2rdacontent _atext _btxt |
||
| 337 |
_2rdamedia _aunmediated _bn |
||
| 338 |
_2rdacarrier _avolume _bnc |
||
| 500 | _adistributer: Al-ahram | ||
| 650 | 7 |
_aEnglish fiction _xHistory and criticism _y20th century. _2BUEsh |
|
| 651 | _2BUEsh | ||
| 653 |
_bHHUUEENN _cFebruary2022 |
||
| 655 |
_vReading book _934232 |
||
| 700 | 1 |
_aLall, Ramji, _eauthor. |
|
| 942 |
_cBB _k823.912 CON _2ddc |
||
| 999 |
_c9806 _d9806 |
||